| 000 | 00621nam a2200181Ia 4500 | ||
|---|---|---|---|
| 999 |
_c6640 _d6640 |
||
| 020 | _a0750632437 | ||
| 022 | _a9780750632430 | ||
| 050 |
_aQA76.73 _b.Se9 |
||
| 100 | 1 | _aSexton, Conor. | |
| 245 | 1 | 0 |
_aC++ programming made simple / _cConor Sexton. |
| 260 |
_aOxford : _bMade Simple Books, _c1997. |
||
| 300 |
_ax, 196 pages. _c25 cm |
||
| 440 | _aMade Simple programming series. | ||
| 500 | _aIncludes index. | ||
| 505 | _a1. A quick start with C++ 2. Classes 3. Class services 4. Classes and inheritance 5. ANSI C++ facilitators 6. The C++ library | ||
| 650 | 0 | 0 | _aC++ (Computer program language) |
| 942 | _cBK | ||